Construction delays (Record no. 110431)

MARC details
000 -LEADER
fixed length control field 02078cam a22002655a 4500
001 - CONTROL NUMBER
control field 149228
008 - FIXED-LENGTH DATA ELEMENTS--GENERAL INFORMATION
fixed length control field 100208s2009 xxk f 000 0 eng d
020 ## - INTERNATIONAL STANDARD BOOK NUMBER
International Standard Book Number 9780080957142
035 ## - SYSTEM CONTROL NUMBER
System control number (Sirsi) u149228
041 0# - LANGUAGE CODE
Language code of text/sound track or separate title eng
050 04 - LIBRARY OF CONGRESS CALL NUMBER
Classification number 692.8 $2 18
100 1# - MAIN ENTRY--PERSONAL NAME
Personal name Trauner, Theodore J.
245 00 - TITLE STATEMENT
Title Construction delays
Remainder of title documenting causes, winning claims, recovering costs
Medium [electronic resource]
250 ## - EDITION STATEMENT
Edition statement 2nd ed.
260 ## - PUBLICATION, DISTRIBUTION, ETC.
Name of publisher, distributor, etc. Butterworth Heinemann
Date of publication, distribution, etc. 2009
300 ## - PHYSICAL DESCRIPTION
Extent eBook
505 2# - FORMATTED CONTENTS NOTE
Formatted contents note Project Scheduling -- Types of Construction Delays -- Measuring Delays?The Basics -- Delay Analysis Using Bar Chart Schedules -- Delay Analysis Using No Schedules -- Other Analysis Techniques: Their Strengths and Weaknesses -- The Owner's Damages Due to Delay -- The Contractor's Damages Due to Delay -- Home Office Overhead -- Inefficiency Caused by Delay -- Acceleration -- Other Categories of Delay Damages -- Determining Responsibility for Delay -- Risk Management
520 ## - SUMMARY, ETC.
Summary, etc. This eBook points out the shortcomings of these faulty methods and explains how a delay analysis should be performed. It then describes specifically how the analysis is done with CPM schedules. The discussion included subtleties of the process, such as shifts in the critical path, and non-critical delays. The subject of damages is covered in detail, including the major categories of extended field overhead and unabsorbed home office overhead. Likewise, the damages suffered by the owner, either actual or liquidated, are also explained. Finally, a chapter is devoted to managing the risk of delays and time extensions from the viewpoints of the various parties to a construction project. A discussion of early completion schedules and constructive acceleration is also included.
590 ## - LOCAL NOTE (RLIN)
Local note ka ntk
650 24 - SUBJECT ADDED ENTRY--TOPICAL TERM
Topical term or geographic name entry element EBOOK
651 #4 - SUBJECT ADDED ENTRY--GEOGRAPHIC NAME
Geographic name ENGLAND AND WALES
690 ## - LOCAL SUBJECT ADDED ENTRY--TOPICAL TERM (OCLC, RLIN)
Topical term or geographic name as entry element MANAGEMENT-DISPUTE AVOIDANCE, MANAGEMENT AND RESOLUTION-DISPUTE MANAGEMENT AND RESOLUTION
856 48 - ELECTRONIC LOCATION AND ACCESS
Uniform Resource Identifier <a href="https://www.vlebooks.com/">https://www.vlebooks.com/</a>
Public note View on VLEbooks. Logins for members only from [email protected]
942 ## - ADDED ENTRY ELEMENTS (KOHA)
Suppress in OPAC 0
Holdings
Withdrawn status Lost status Source of classification or shelving scheme Damaged status Not for loan Home library Current library Shelving location Date acquired Cost, normal purchase price Total Checkouts Full call number Barcode Date last seen Copy number Cost, replacement price Price effective from Koha item type
    Dewey Decimal Classification     Virtual Virtual Online 08/02/2010 70.75   EBOOK 149228-2001 06/08/2019 1 70.75 06/08/2019 Book